00000000nam##2200000za#4500
0019.625448
003CaOODSP
00520210125140402
007ta
008150406|2000||||xxc|||||     f|0| 0 fre|d
020 |a0-662-85123-4
040 |aCaOODSP|bfre
043 |an-cn---
0861 |aCC173-3/1-242F
1102 |aCommission canadienne de sûreté nucléaire.
24510|aExamen des coûts et des avantages
260 |aOttawa - Ontario : |bCommission canadienne de sûreté nucléaire |c2000.
300 |a2p. ; |c28 cm.
4901 |aPolitique d'application de la réglementation |vP-242(F)
500 |a«La présente politique d'application de la réglementation décrit comment la Commission canadienne de sûreté (CCSN) tient compte des renseignements sur les coûts et les avantages dans certains de ses processus décisionnels.»--Objet.
5203 |aLa présente politique d'application de la réglementation décrit comment la Commission canadienne de sûreté (CCSN) tient compte des renseignements sur les coûts et les avantages dans certains de ses processus décisionnels.--Objet
563 |aCouverture souple
590 |a00-45|b2000-11-10
69107|aÉnergie nucléaire|2gcpds
69107|aRéglementation en matière de sécurité|2gcpds
7760#|tExamen des coûts et des avantages |w(CaOODSP)9.602001
830#0|aPolitique d'application de la réglementation ;|vP-242(F)|w(CaOODSP)9.512864